000 00680nam a2200289Ia 4500
005 20260324143126.0
008 008 260324s9999 xx 000 0 eng d
020 _a9780429268007
037 _aEBOOK
040 _aCRL
040 _beng
040 _cCRL
041 _2eng
041 _aeng
084 _qCRL
100 _aHilda Kahne
_91214477
245 0 _aWomen's Work And Women's Lives
245 4 _bThe Continuing Struggle Worldwide
260 _bTaylor and Francis
260 _c1993
365 _a
365 _b230
856 _uhttp://www.taylorfrancis.com/books/9780429268007
942 _cEBOOK
999 _c1819520
_d1819520